Gaming Quiz

Random Gaming or Quote Quiz
Score 0/31 Timer 04:00
5 Plays Today
Ultimate Quote Hero % Correct
Die! Die! Die!Reaper
90.5%
Let the dragon consume you!Hanzo
90%
Heroes never die!Mercy
89.7%
Freeze! Don't move!Mei
89.7%
Nerf this!D.Va
89.2%
The dragon becomes me!Genji
89%
Beep! Boop! Beep! Boop!Bastion
89%
No one can hide from my sight!Widowmaker
87.3%
Oh, let's break it down!Lúcio
86.7%
Justice rains from above!Pharah
86.6%
It's high noon!McCree
86%
I've got you in my sights!Soldier: 76
85.7%
Fire in the hole!Junkrat
85.1%
Hammer down!Reinhardt
84%
Pass into the Iris!Zenyatta
83.6%
Meteor strike!Doomfist
83.4%
Ultimate Quote Hero % Correct
EMP activated!Sombra
83.2%
Molten core!Torbjörn
82.8%
Get in there, B.O.B.Ashe
81.1%
Yahí param vaastavikita hai! (Reality bends to my will!)Symmetra
80.1%
You're powered up, get in there.Ana
78.5%
Baha haha cough!Roadhog
76.1%
What is that melody?Sigma
75.7%
Cease your resistance!Orisa
75.4%
I seem to have, uh, lost my temper.Winston
74.7%
Fire at will!Zarya
73.4%
Gotcha!Tracer
67.7%
Surrender to my will!Moira
67.4%
Rally to me!Brigitte
66.9%
Area denied.Wrecking Ball
62.7%
Light 'em up!Baptiste
51.7%
Remove Ads.
Support Sporcle.
Get the best of Sporcle when you Go Orange. This ad-free experience offers more features, more stats, and more fun while also helping to support Sporcle. Thank you for becoming a member.

You're not logged in!

Compare scores with friends on all Sporcle quizzes.
OR
Log In

Sporcle TV

Today on Sporcle TV


Watch our educational content, quiz creation guides, and fun videos on Sporcle TV.

Show Comments

Extras

Top Quizzes Today


Score Distribution

Paid Content

Your Account Isn't Verified!

In order to create a playlist on Sporcle, you need to verify the email address you used during registration. Go to your Sporcle Settings to finish the process.

Report this User

Report this user for behavior that violates our Community Guidelines.

Details: